000 00541nam a2200205Ia 4500
008 170918s9999 xx 000 0 und d
020 _a9780439085700
050 _bB496 1998
100 _aBerger, Melvin
245 _aDo stars have points? /
245 _cby Melvin Berger ; illustrated by Vincent Di Fate.
260 _aNew York :
260 _bScholastic,
260 _c1998
300 _a48 pages :
300 _bcolored illustration ;
300 _c20cm.
440 _aScholastic question & answer series.
500 _a700
999 _c342784
_d342784